00315pab a2200121 454500008004000000100001600040245005900056260000900115300001100124362000900135650003100144773001800175180718b1990 xxu||||| |||| 00| 0 eng d aMiron, J.R. aSecurity of tenure, costly tenants and rent regulation c1990 a167-84 aApr. aRent - Regulation - Canada aUrban Studies